000 00295nam a22001337a 4500
008 181205b xxu||||| |||| 00| 0 eng d
020 _a9780070419100
041 _aeng
080 _a370
100 _a49
101 _aEDU
245 _aImproving Reading Skills
_cMilan.D
942 _2udc
_cBK
999 _c52868
_d52868